Statistiche per Tutti gli Stati che hanno controllato Bangkok

Clicka qui per fare il quiz!

Statistiche generali

  • Questo quiz è stato fatto 4 volte
  • Il punteggio medio è 6 su 12

Statistiche sulle risposte

Risposta% Corretto
Impero Coloniale Francese (Compagnia francese delle Indie orientali)
100%
Impero Giapponese
67%
Regno della Thailandia
67%
Regno della Thailandia
67%
Regno del Siam
67%
Impero Konbaung
33%
Impero Toungoo
33%
Regno di Ayutthaya
33%
Regno di Ayutthaya
33%
Regno di Ayutthaya
33%
Regno di Rattanakosin
33%
Regno di Thonburi
0%

Distribuzione punteggi

Percentile per numero di risposta

Percentuale di utenti per punteggio

I tuoi punteggi nel tempo

Non hai fatto questo quiz